| 000 | 00563nam a2200193 a 4500 | ||
|---|---|---|---|
| 005 | 20140310183439.0 | ||
| 008 | 080229s19uu xx 00 eng d | ||
| 020 | _a1841122025 | ||
| 050 |
_aHM 1211 _b.L295 2002 |
||
| 100 | _aLansdell, Sally | ||
| 245 |
_aWorking globally / _cSally Lansdell |
||
| 260 |
_aUnited Kingdom : _bCapstone Publishing, _c2002. |
||
| 300 |
_a122 p. : _c19 cm. |
||
| 521 | _aBSBA | ||
| 650 |
_aInternational business enterprises _xManagement. |
||
| 650 |
_aGlobalization _xEconomic aspects. |
||
| 942 |
_cBK _2lcc _kFOR |
||
| 999 |
_c23031 _d23031 |
||